| 000 | 00781nam a22002777a 4500 | ||
|---|---|---|---|
| 001 | 7415 | ||
| 003 | FISKH | ||
| 005 | 20250714134842.0 | ||
| 008 | 250714b cb ||||| |||| 00| 0 eng d | ||
| 020 | _a9780531208632 | ||
| 040 |
_aFISKH _beng _cFISKH _dFISKH |
||
| 050 | _aQE862.S3 M33165 | ||
| 082 | _a567.912 | ||
| 100 | _aMara, Wil | ||
| 245 |
_aOviraptor / _cby Wil Mara |
||
| 260 |
_aNew York : _bScholastic, _c2012. |
||
| 300 |
_a32 pages : _bcolor illustrations ; _c19cm |
||
| 490 | _aRookie Read-About Dinosaurs) | ||
| 505 | _aG | ||
| 520 | _aDescribes the oviraptor's looks, eating habits, and fighting style. | ||
| 521 | 8 |
_a410
_bLexile |
|
| 521 | 8 |
_aG
_bRaz-Plus |
|
| 650 |
_aDinosaurs _vPrehistoric world |
||
| 942 |
_2ddc _cBK _n0 |
||
| 999 |
_c7415 _d7415 |
||